=LDR 00000nam 2200000 4500 =001 INLIS000000000003822 =005 20130612092126 =008 ***********************************Ind** =035 ##$$0010-061300000003822 =041 ##$$a Ind =082 ##$$a 510 =090 ##$$a 510, Pip m =100 ##$$a Pipes, louis A =245 ##$$a Matematika terapan untuk para insinyur dan fisikawan, Louis A.Pipes =260 ##$$a 1991 $b Yogyakarta =300 ##$$a xix, 1336 hlm., ilus., 21 cm =650 ##$$a Matematika =850 ##$$a NBPNMAT